Aspekty rozvoja ľudských zdrojov na regionálnej úrovni

Teoretické základy rozvoja ľudských zdrojov. Prístupy k rozvoju ľudských zdrojov. Rozvoj ľudských zdrojov v regióne. Strategické plánovanie rozvoja ľudských zdrojov v regióne.

Gespeichert in:
Bibliographische Detailangaben
1. Verfasser: Urbančíková, Nataša
Weitere Verfasser: Kuzmišinová, Ivana
Format: Buchkapitel
Sprache:Slowakisch
Schlagworte:
Tags: Tag hinzufügen
Keine Tags, Fügen Sie das erste Tag hinzu!

MARC

LEADER 00000naa$a2200000$$$4500
001 0115206
005 20230918072321.0
041 0 |a slo 
044 |a SK 
245 1 0 |a Aspekty rozvoja ľudských zdrojov na regionálnej úrovni  |c Nataša Urbančíková, Ivana Kuzmišinová 
520 |a Teoretické základy rozvoja ľudských zdrojov. Prístupy k rozvoju ľudských zdrojov. Rozvoj ľudských zdrojov v regióne. Strategické plánovanie rozvoja ľudských zdrojov v regióne. 
610 2 0 |a zdroje ľudské 
610 2 0 |a regióny 
610 2 0 |a plánovanie strategické 
100 1 |a Urbančíková, Nataša 
700 1 |a Kuzmišinová, Ivana